00915cam a22002773a 450000100060000000300060000600500170001200800410002904000150007004200070008505000070009210000400009924500770013926000290021650600300024551600200027565300410029565300310033665300440036765300330041165300460044465300360049065300400052683000290056685600420059529693PGUSA20140828083636.0090815s2009||||xxu|||||s|||||000 1 eng d aPGUSAbeng adc 4aPZ1 aEllis, Edward Sylvester,d1840-191612aA Waif of the Mountainsh[electronic resource] /cEdward Sylvester Ellis bProject Gutenberg,c2009 aPublic domain in the USA. aElectronic text aMissing children -- Juvenile fiction aMiners -- Juvenile fiction aMotherless families -- Juvenile fiction aStudents -- Juvenile fiction aFathers and daughters -- Juvenile fiction aWest (U.S.) -- Juvenile fiction aConduct of life -- Juvenile fiction 0aProject Gutenbergv2969340uhttp://www.gutenberg.org/ebooks/29693